The Windows NT web server handbook

Microsoft is positioned to make a huge impact with its Internet Information Server. In order to remain competitive on the Web, keeping up with Microsoft's Internet technologies is imperative. In a fast-paced world, you need tactical how-to information that allows you to quicky and easily ramp u...

Deskribapen osoa

Gorde:
Xehetasun bibliografikoak
Egile nagusia: Sheldon, Thomas
Formatua: Liburua
Hizkuntza:Undetermined
Argitaratua: Berkeley, Calif. Osborne McGraw-Hill 1996
Gaiak:
Etiketak: Etiketa erantsi
Etiketarik gabe, Izan zaitez lehena erregistro honi etiketa jartzen!
Thư viện lưu trữ: Trung tâm Học liệu Trường Đại học Cần Thơ
LEADER 01067nam a2200193Ia 4500
001 CTU_232489
008 210402s9999 xx 000 0 und d
082 |a 005.713 
082 |b S544 
100 |a Sheldon, Thomas 
245 4 |a The Windows NT web server handbook 
245 0 |c Tom Sheldon 
260 |a Berkeley, Calif. 
260 |b Osborne McGraw-Hill 
260 |c 1996 
520 |a Microsoft is positioned to make a huge impact with its Internet Information Server. In order to remain competitive on the Web, keeping up with Microsoft's Internet technologies is imperative. In a fast-paced world, you need tactical how-to information that allows you to quicky and easily ramp up with the latest developments. The Windows NT Web Server Handbook is well-timed to arrive just as interest in this Internet Information Server is building, and it's packed with the necessary answers to help you get up to speed with this major new offering. 
650 |a Máy chủ web,Web servers 
910 |b dqhieu 
980 |a Trung tâm Học liệu Trường Đại học Cần Thơ